000 02034cam a2200361 i 4500
003 SA-RiAUC
005 20250322143040.0
008 250320s1980 su a f f00000 ara c
040 _aSA-RiAUC
_bara
_cSA-RiAUC
_dSA-RiKSU
_erda
043 _aa-su---
082 0 4 _a378.07109531
_qSA-RiAUC
090 _a378.07109531
_bج ا م
110 2 _aجامعة الإمام محمد بن سعود الإسلامية.
_bإدارة الدراسات والمعلومات
_eمؤلف.
245 1 2 _aالجامعة في سطور /
_cإدارة الدراسات والمعلومات بجامعة الإمام محمد بن سعود الإسلامية ؛ شارك في إعداده عمادة شؤون الطلاب.
264 1 _aالرياض :
_bجامعة الإمام محمد بن سعود الإسلامية، إدارة الدراسات والمعلومات،
_c[1980]
264 3 _aالرياض :
_bمطابع دار الهلال للأوفست
300 _a48 صفحة :
_bإيضاحيات ؛
_c24 × 17 سم.
336 _aنص
_btxt
_2rdacontent
_3كتاب
337 _aبدون وسيط
_bn
_2rdamedia
338 _aمجلد
_bnc
_2rdacarrier
490 0 _aسلسلة جامعة الإمام محمد بن سعود الإسلامية (الرياض) ؛
_v4
500 _aس ع / ج أ م / 2 / ج1 ق9.
500 _aس ع / ج أ 3، 4 / 2 / ج1 ق9.
610 2 7 _aجامعة الإمام محمد بن سعود الإسلامية
_xمطبوعات حكومية
_2aucnm
650 7 _aالجامعات والكليات الإسلامية
_zالسعودية
_zالرياض
_xمطبوعات حكومية
_2aucsh
650 7 _aالمطبوعات الحكومية
_2aucsh
651 7 _aالسعودية
_xمطبوعات حكومية
_2aucsh
710 2 _aجامعة الإمام محمد بن سعود الإسلامية.
_bعمادة شؤون الطلاب
_eمعد.
856 4 _uhttp://10.0.0.80/gov6/ab1%20(417).pdf
856 4 _uhttp://10.0.0.80/Gov7/ab417.pdf
942 _2ddc
_cBOOK
_n0
949 _aSA-JeALM
_d250320
_umohamedma123
_n1
999 _c6581
_d6581